000 00904nam a22002177a 4500
999 _c5834
_d5834
003 AR-CdUCM
008 190313b ||||| |||| 00| 0 spa d
040 _aMUNICIPALIDAD PROVINCIAL DEL CUSCO
_cBIBLIOTECA MUNICIPAL DEL CUSCO
082 _a897.2/
_bP745
245 _aPoesía medieval Italiana :
_bSelección y versiones españolas de Oreste Frattoni /
260 _aBuenos Aires :
_bCentro editor de América Latina,
_c1970.
300 _a94 páginas :
_c17 cm.
500 _aDonación familia Nieto
505 _aContenido: Adivinanza de Verona -- Ritmo Laurenziano -- San Francisco de Asis -- Cielo d´Alcamo -- Federico II -- Giacomino Pugliese -- Jacobo da Lentini -- Guittone d´Arezzo...
650 _aPoesía italiana
_99960
650 _aDrama italiano
_917274
650 _aAutores variados
_917275
700 _aBiblioteca básica Universal
_917276
942 _2ddc
_cLIBROS
945 _adavv